Lord of the Rings--Every Character Mentioned, Book Three - Statistics

General Stats
  • This quiz has been taken 25 times
    3 since last reset
  • The average score is 51 of 130
Answer Stats
Times Mentioned Answer % Correct
186 Aragorn
100%
30 Bilbo Baggins
100%
349 Frodo Baggins
100%
289 Gandalf the White
100%
86 Gimli
100%
26 Gollum/Smeagol
100%
57 Legolas Greenleaf
100%
283 Peregrin Took
100%
403 Samwise Gamgee
100%
49 Saruman
100%
37 Sauron
100%
7 Shelob
100%
1 Smaug
100%
2 Arathorn
67%
9 Arwen Undomiel
67%
67 Beregond
67%
15 Bergil
67%
24 Boromir
67%
3 Bregalad/Quickbeam
67%
2 Cirdan
67%
1 Dain
67%
74 Denethor
67%
1 Deor
67%
12 Elfhelm
67%
25 Elrond Halfelven
67%
94 Eomer Eadig
67%
2 Eomund Eadig
67%
107 Eowyn Eadig
67%
116 Faramir
67%
1 Fengel
67%
1 Folcwine
67%
1 Frea
67%
1 Frealaf
67%
1 Freawine
67%
1 Glorfindel
67%
1 Goldwine
67%
24 Grima Wormtongue
67%
7 Gwaihir the Windlord
67%
7 Helm Hammerhead
67%
22 Lady Galadriel
67%
8 Lord Celeborn
67%
217 Meriadoc Brandybuck
67%
3 Mouth of Sauron
67%
27 Prince Imrahil the fair
67%
19 Rosie Cotton
67%
3 Thengel Ednew
67%
84 Theoden Ednew
67%
2 Tom Bombadil
67%
5 Tom Cotton
67%
12 Treebeard
67%
4 Angbor
33%
4 Baldor
33%
25 Barliman Butterbur
33%
5 Bill Ferny
33%
3 Bill the pony
33%
2 Brego
33%
2 Deorwine
33%
1 Durin
33%
4 Ecthelion
33%
4 Elanor
33%
2 | 4 Elbereth
33%
10 Elendil
33%
9 Elladan
33%
9 Elrohir
33%
9 Eorl the Young
33%
1 Folca
33%
1 Forlong
33%
3 Fredegar/Fatty
33%
16 Ghan-buri-ghan
33%
1 Gildor Inglorion
33%
5 Gloin
33%
1 Goldilocks
33%
12 Gorbag
33%
2 Guthlaf
33%
12 Halbarad
33%
5 Ioreth
33%
14 Isildur
33%
3 King of the Dead
33%
2 Lobelia Sacville-baggins
33%
14 Lotho Sackville-baggins
33%
3 Paladin Took
33%
1 Roheryn
33%
26 Shadowfax
33%
23 Shagrat
33%
10 Snowmane
33%
4 Stybba
33%
9 Ted Sandyman
33%
6 The Witch-king of Angmar
33%
1 Aldor
0%
1 Anarion
0%
2 Arod
0%
1 Arvedui
0%
1 Baranor
0%
1 Barley
0%
2 Bob
0%
1 Bullroarer Took
0%
1 Derufin
0%
1 Duilin
0%
1 Duinhir
0%
1 Earnur
0%
28 Farmer Cotton
0%
1 Gleowine
0%
3 Grimbold
0%
9 Hamfast Gamgee
0%
2 Harry Goatleaf
0%
5 Hirgon
0%
10 Hob Hayward
0%
1 Holbylta
0%
5 Ingold
0%
2 Jolly Cotton
0%
1 Lagduf
0%
1 Leofa
0%
1 Mablung
0%
1 Malbeth the Seer
0%
1 Marigold
0%
5 Mrs Cotton
0%
1 Muzgash
0%
4 Nibs Cotton
0%
1 Nick Cotton
0%
7 Nob
0%
4 Old Took
0%
1 Radbug
0%
6 Robin Smallburrow
0%
6 Snaga
0%
1 Walda
0%
2 Widfara
0%
4 Will Whitfoot
0%
No matching quizzes found
Score Distribution
Percent of People with Each Score
Percentile by Number Answered
Your Score History
You have not taken this quiz since the last reset